| 000 | 00429nam a2200157 i 4500 | ||
|---|---|---|---|
| 001 | 58563 | ||
| 003 | ES-MaACL | ||
| 007 | t| | ||
| 008 | 031022s1982 xxk ||||1| eng d | ||
| 100 | 1 |
_aDuller, H. J. _945971 |
|
| 245 | 1 | 0 |
_aDevelopment technology / _cH.J. Duller. |
| 250 | _a[1st published]. | ||
| 260 |
_aLondon, etc. : _bRoutledge and Kegan, _c[1982] |
||
| 300 |
_a192 p. ; _c22 cm. |
||
| 852 |
_aES-MaACL _jL-3421 _bR.104193 |
||
| 999 |
_c58563 _d58563 |
||